La Guinée Bissau pour les touristes... - Statistiques

Statistiques générales
  • Ce quiz a été pris 8 fois
  • Le résultat moyen est 5 sur 20
Statistiques - réponses
Question Indice Réponses % Correct
Achats à faire 1/ Fruit de la passion
100%
Quelle est la langue officielle ? Portugais
88%
Quel est le régime du pays ? R République
50%
Le principal aéroport est B Bissau
38%
Ce pays est plus grand que la France (oui/non) Non
38%
Quelles sont les principaux lieux touristiques ? B Ville de {Bissau}
38%
Dans la capitale quel est le décalage horaire avec Paris ? (+ ou - et chiffre) ex - 10 ou + 3,5 - 2
25%
La religion majoritaire est Islam
25%
Achats à faire 5/ Instruments de musique à Percussion
25%
Quel est le climat local ? T Tropical
25%
Achats à faire 2/ Pour la cuisine Epices
13%
Quelle est la monnaie ? Franc CFA
13%
Le suffixe internet est gw
13%
Quel pays a accordé son indépendance à celui-ci ? Portugal
13%
Achats à faire 4/ CD de Cabo
0%
Achats à faire 3/ Boisson Cachaça
0%
Quelles sont les principaux lieux touristiques ? J Centro artistico {Juvenil}
0%
Quelles sont les principaux lieux touristiques ? SJDA Forteresse de {Sao José da Amura}
0%
Code sur les plaques minéralogiques GUB
0%
Quelles sont les principaux lieux touristiques ? B Port de {Bubaque}
0%
Aucun quiz correspondant
Distribution des résultats
% des personnes avec chaque résultat
Percentile par nombre de réponses
Votre historique - résultats
Vous n’avez pas pris ce quiz